राजनीतिक पहचान का संघर्ष एवं अनुसूचित जनजातियां / (Record no. 120719)

MARC details
000 -LEADER
fixed length control field 01271nam a22002537a 4500
005 - DATE AND TIME OF LATEST TRANSACTION
control field 20170124103202.0
010 ## - LIBRARY OF CONGRESS CONTROL NUMBER
LC control number B-068689
020 ## - INTERNATIONAL STANDARD BOOK NUMBER
Terms of availability 00.00
International Standard Book Number 8173914370
035 ## - SYSTEM CONTROL NUMBER
System control number B-068689
037 ## - SOURCE OF ACQUISITION
Source of stock number/acquisition Cen Lib/Ret
040 ## - CATALOGING SOURCE
Original cataloging agency DPL
Language of cataloging HN
082 ## - DEWEY DECIMAL CLASSIFICATION NUMBER
Classification number 305.5
Item number जेनब
100 ## - MAIN ENTRY--PERSONAL NAME
Personal name जेनब बानू
9 (RLIN) 92130
245 ## - TITLE STATEMENT
Title राजनीतिक पहचान का संघर्ष एवं अनुसूचित जनजातियां /
Statement of responsibility, etc जेनब बानू
246 ## - VARYING FORM OF TITLE
Title proper/short title Rajnitik pehchan ka sangharsh ewam anusuchit janjatiyan /
Remainder of title by Jenab Banu
260 ## - PUBLICATION, DISTRIBUTION, ETC. (IMPRINT)
Place of publication, distribution, etc नई दिल्ली
Name of publisher, distributor, etc कनिष्का पब्लिशर्स
Date of publication, distribution, etc 2002
270 ## - ADDRESS
City नई दिल्ली
Address 4697/5-21A, अंसारी रोड, दरियागंज
Postal code 110002
300 ## - PHYSICAL DESCRIPTION
Extent viii,153पृ.
Dimensions 21सेमी(सजिल्द)
650 ## - SUBJECT ADDED ENTRY--TOPICAL TERM
Topical term or geographic name as entry element आदिवासी राजनीती -- ऐतिहासिक संदर्भ
9 (RLIN) 92131
650 ## - SUBJECT ADDED ENTRY--TOPICAL TERM
Topical term or geographic name as entry element जनजातीय राजनीती -- एक अंतर्दृष्टि
9 (RLIN) 92132
650 ## - SUBJECT ADDED ENTRY--TOPICAL TERM
Topical term or geographic name as entry element Tribal politics - historical context
9 (RLIN) 92133
650 ## - SUBJECT ADDED ENTRY--TOPICAL TERM
Topical term or geographic name as entry element Tribal politics - an Insight
9 (RLIN) 92134
942 ## - ADDED ENTRY ELEMENTS (KOHA)
Source of classification or shelving scheme Dewey Decimal Classification
Koha item type Hindi Books
Classification part 305.5
Call number suffix जेनब
Holdings
Withdrawn status Lost status Damaged status Not for loan Home library Current library Date acquired Source of acquisition Cost, normal purchase price Total Checkouts Full call number Barcode Date last seen Copy number Cost, replacement price Price effective from Koha item type
        Central Library Central Library 28/09/2015 Cen Lib/Ret 0.00   305.5 जेनब B-068689 28/09/2015 1 0.00 28/09/2015 Hindi Books

© Delhi Public Library
Hit Counter
free hit counter